| 000 -LEADER |
| fixed length control field |
01747cam a2200421 a 4500 |
| 001 - CONTROL NUMBER |
| control field |
15872465 |
| 003 - CONTROL NUMBER IDENTIFIER |
| control field |
OSt |
| 005 - DATE AND TIME OF LATEST TRANSACTION |
| control field |
20180116183104.0 |
| 008 - FIXED-LENGTH DATA ELEMENTS--GENERAL INFORMATION |
| fixed length control field |
090818s2010 vaua bf 001 0 eng d |
| 010 ## - LIBRARY OF CONGRESS CONTROL NUMBER |
| LC control number |
2009935136 |
| 015 ## - NATIONAL BIBLIOGRAPHY NUMBER |
| National bibliography number |
GBB084879 |
| Source |
bnb |
| 016 7# - NATIONAL BIBLIOGRAPHIC AGENCY CONTROL NUMBER |
| Record control number |
015601577 |
| Source |
Uk |
| 020 ## - INTERNATIONAL STANDARD BOOK NUMBER |
| Canceled/invalid ISBN |
1562867164 |
| 020 ## - INTERNATIONAL STANDARD BOOK NUMBER |
| International Standard Book Number |
9781562867164 |
| 035 ## - SYSTEM CONTROL NUMBER |
| System control number |
(OCoLC)ocn681756213 |
| 040 ## - CATALOGING SOURCE |
| Original cataloging agency |
PGN |
| Transcribing agency |
PGN |
| Modifying agency |
UKM |
| -- |
YDXCP |
| -- |
VP@ |
| -- |
LML |
| -- |
BPJ |
| -- |
UMS |
| -- |
DLC |
| 042 ## - AUTHENTICATION CODE |
| Authentication code |
lccopycat |
| 050 00 - LIBRARY OF CONGRESS CALL NUMBER |
| Classification number |
HD57.7 |
| Item number |
.A79 2010 |
| 082 04 - DEWEY DECIMAL CLASSIFICATION NUMBER |
| Classification number |
658.4092 |
| Edition number |
22 |
| 100 ## - MAIN ENTRY--PERSONAL NAME |
| Personal name |
Elaine Biech.(editor) |
| 245 04 - TITLE STATEMENT |
| Title |
The ASTD leadership handbook . |
| Statement of responsibility, etc. |
Elaine Biech, editor. |
| 246 30 - VARYING FORM OF TITLE |
| Title proper/short title |
Leadership handbook |
| 250 ## - EDITION STATEMENT |
| Edition statement |
1st. |
| 260 ## - PUBLICATION, DISTRIBUTION, ETC. |
| Place of publication, distribution, etc. |
New Delhi. |
| Name of publisher, distributor, etc. |
ASTD Press ; |
| Place of publication, distribution, etc. |
San Francisco :Viva Books. |
| Name of publisher, distributor, etc. |
Berrett-Koehler Publishers, |
| Date of publication, distribution, etc. |
2015. |
| 300 ## - PHYSICAL DESCRIPTION |
| Extent |
xii, 488 p. : |
| Other physical details |
ill. ; |
| Dimensions |
24 cm. |
| 490 1# - SERIES STATEMENT |
| Series statement |
A BK business book |
| 500 ## - GENERAL NOTE |
| General note |
Paper Cover. |
| 504 ## - BIBLIOGRAPHY, ETC. NOTE |
| Bibliography, etc. note |
Includes bibliographical references and index. |
| 520 ## - SUMMARY, ETC. |
| Summary, etc. |
The ASTD Leadership Handbook is a compilation of insights, ideas, and tools that will enable individuals, teams, and organizations to develop their leadership capabilities. Topic areas covered in the book are leadership competencies, leadership development, attributes of successful leaders, contemporary leadership challenges, and broadening the leadership discussion. |
| 650 #0 - SUBJECT ADDED ENTRY--TOPICAL TERM |
| Topical term or geographic name entry element |
Leadership |
| Form subdivision |
Handbooks, manuals, etc. |
| 700 1# - ADDED ENTRY--PERSONAL NAME |
| Personal name |
Biech, Elaine. |
| 710 2# - ADDED ENTRY--CORPORATE NAME |
| Corporate name or jurisdiction name as entry element |
American Society for Training and Development. |
| 830 #0 - SERIES ADDED ENTRY--UNIFORM TITLE |
| Uniform title |
BK business book. |
| 906 ## - LOCAL DATA ELEMENT F, LDF (RLIN) |
| a |
7 |
| b |
cbc |
| c |
copycat |
| d |
2 |
| e |
epcn |
| f |
20 |
| g |
y-gencatlg |
| 942 ## - ADDED ENTRY ELEMENTS (KOHA) |
| Source of classification or shelving scheme |
|
| Koha item type |
Book |
| Call number prefix |
658.4092 |